ਜ਼ਖ਼ਮ / (Record no. 80898)

MARC details
000 -LEADER
fixed length control field 00877nam a22002537a 4500
005 - DATE AND TIME OF LATEST TRANSACTION
control field 20141029125918.0
008 - FIXED-LENGTH DATA ELEMENTS--GENERAL INFORMATION
fixed length control field 131126b xxu||||| |||| 00| 0 eng d
010 ## - LCCN (DPL NO)
LC control number PUN-7730 B-577415-418
020 ## - INTERNATIONAL STANDARD BOOK NUMBER
Terms of availability 195.00
International Standard Book Number 9788182993013X
035 ## - SYSTEM CONTROL NUMBER
System control number PN-6848 B-577415-418
037 ## - SOURCE OF ACQUISITION
Source of stock number/acquisition DBAD / PUB
037 ## - SOURCE OF ACQUISITION
Source of stock number/acquisition Arsee Publishers
037 ## - SOURCE OF ACQUISITION
Source of stock number/acquisition star publications/ven
040 ## - CATALOGING SOURCE
Original cataloging agency dpl
Language of cataloging pn
082 ## - DEWEY DECIMAL CLASSIFICATION NUMBER
Classification number
100 ## - MAIN ENTRY--PERSONAL NAME
Personal name ਜਿੰਦਰ
245 ## - TITLE STATEMENT
Title ਜ਼ਖ਼ਮ /
Statement of responsibility, etc ਜਿੰਦਰ
246 ## - VARYING FORM OF TITLE
Title proper/short title Zkham
Remainder of title by Jinder
260 ## - PUBLICATION, DISTRIBUTION, ETC. (IMPRINT)
Place of publication, distribution, etc Delhi
Name of publisher, distributor, etc Arsee Publishers
Date of publication, distribution, etc 2013
270 ## - ADDRESS
City Delhi
Address Chandni Chowk
Telephone number 011-65966481
300 4# - PHYSICAL DESCRIPTION
Extent 112p.
Dimensions 22ਸੇਂਮੀ (ਸਜਿਲੱਦ)
942 ## - ADDED ENTRY ELEMENTS (KOHA)
Source of classification or shelving scheme Dewey Decimal Classification
Item type Punjabi Bks
Classification part
Call number suffix ਜਿੰਦਰ
Holdings
Withdrawn status Lost status Source of classification or shelving scheme Damaged status Not for loan Collection code Home library Current library Date acquired Source of acquisition Cost, normal purchase price Total Checkouts Full call number Barcode Date last seen Copy number Cost, replacement price Koha item type
    Dewey Decimal Classification     Fiction Central Library Central Library 29/10/2014 BPPD/164/27.8.14/3624/4.9.14 195.00   ਕ ਜਿੰਦਰ B-577415 29/10/2014 1 195.00 Punjabi Bks
    Dewey Decimal Classification     Fiction D.B.Act.Division D.B.Act.Division 27/11/2013 DBAD 195.00   ਕ ਜਿੰਦਰ PN-6848 27/11/2013 1 195.00 Punjabi Bks
    Dewey Decimal Classification     Fiction Janak Puri Janak Puri 29/10/2014 BPPD/164/27.8.14/3624/4.9.14 195.00 2 ਕ ਜਿੰਦਰ B-577417 09/06/2026 1 195.00 Punjabi Bks
    Dewey Decimal Classification     Fiction Patel Nagar Patel Nagar 29/10/2014 BPPD/164/27.8.14/3624/4.9.14 195.00   ਕ ਜਿੰਦਰ B-577416 29/10/2014 1 195.00 Punjabi Bks
    Dewey Decimal Classification     Fiction Vinoba Puri Vinoba Puri 29/10/2014 BPPD/164/27.8.14/3624/4.9.14 195.00   ਕ ਜਿੰਦਰ B-577418 29/10/2014 1 195.00 Punjabi Bks

© Delhi Public Library
Hit Counter
free hit counter